[Event "Kalamazoo op1"]
[Site "Kalamazoo"]
[Date "2003.08.31"]
[Round "5.14"]
[White "McLaren, Ian"]
[Black "Jacobson, Peter"]
[Result "1-0"]
[WhiteElo "1032"]
[BlackElo "512"]
[PlyCount "73"]
[EventDate "2003.08.29"]
[EventType "swiss"]
[EventRounds "7"]
[EventCountry "USA"]
[SourceTitle "EXT 2007"]
[Source "ChessBase"]
[SourceDate "2006.11.23"]
[SourceVersion "1"]
[SourceVersionDate "2006.11.23"]
[SourceQuality "1"]

1. Nf3 d5 2. e3 Nc6 3. d4 Bg4 4. Be2 f6 5. c4 Bxf3 6. Bxf3 dxc4 7. Bxc6+ bxc6 8. 0-0 e6 9. Qa4 Qd6 10. Qxc4 e5 11. Rd1 e4 12. Nc3 f5 13. Qe2 Nf6 14. f3 Be7 15. fxe4 Nxe4 16. Nxe4 fxe4 17. Rf1 Bf6 18. a3 0-0 19. Bd2 a5 20. b4 a4 21. Ra2 Qe6 22. Be1 Bg5 23. Ra1 Rxf1+ 24. Kxf1 Rf8+ 25. Kg1 Qf6 26. Bd2 Qf7 27. Rc1 Qb3 28. Qc4+ Rf7 29. Qxb3 axb3 30. Rb1 Rf8 31. Rxb3 Ra8 32. Rc3 h5 33. Bc1 Bh4 34. Rxc6 Rf8 35. g3 Bg5 36. Rxc7 Rf3 37. Rc3 1-0